| 000 | 00793nam a2200241Ia 4500 | ||
|---|---|---|---|
| 003 | OSt | ||
| 005 | 20220926021646.0 | ||
| 006 | a|||||r|||| 00| 0 | ||
| 007 | ta | ||
| 008 | 220923b |||||||| |||| 00| 0 eng d | ||
| 020 | _a9211126940 | ||
| 037 | _cGeneral Book | ||
| 040 |
_aRTL _cRTL _beng |
||
| 041 |
_2eng _aeng |
||
| 082 | _aX991.1(X).P05p, P5/UN | ||
| 110 |
_aUNITED NATIONS, CONFERENCE ON TRADE AND DEVELOPMENT _922209 |
||
| 245 | 0 |
_aGlobalization of R & D and developing coutries _b Proceedings of the expert meeting. |
|
| 260 |
_aNew York _bUnited Nations _c2005 |
||
| 300 |
_aviii,234p. _ccm. |
||
| 700 |
_aUNITED NATIONS, CONFERENCE ON TRADE AND DEVELOPMENT _922210 |
||
| 942 |
_hX991.1(X).P05p, P5/UN _cGB _2CC |
||
| 999 |
_c637354 _d637354 |
||